| 000 | 01358nam a2200277Ia 4500 | ||
|---|---|---|---|
| 999 |
_c3448 _d3448 |
||
| 003 | OSt | ||
| 005 | 20200429114521.0 | ||
| 008 | 191128s1979 ck gr 000 0dspa d | ||
| 040 |
_aCO-JMCR _cCO-JMCR |
||
| 041 | 0 | _aspa | |
| 082 | 0 | 4 |
_a304.8 / _bL864m |
| 100 | 1 |
_aLópez Toro, Alvaro, _eautor _93633 |
|
| 245 | 1 | 0 |
_aMigración y cambio social en Antioquia durante el siglo XIX / _cAlvaro Lopez Toro |
| 250 | _aTercera edición | ||
| 260 |
_aMedellín : _bHombre Nuevo, _c1979 |
||
| 300 |
_a143 páginas ; _c17 cm. |
||
| 490 | 0 |
_aHistoria ; _v4 |
|
| 500 | _aIncluye datos biográficos del autor. | ||
| 505 | _aBases sociales de la minería colonial en Antioquia -- Dinámica y crisis del sistema económico colonial -- Condiciones institucionales y económicas de la colonización en el siglo diez y nueve -- El ascenso de la clase empresarial | ||
| 520 | _aCon el presente volumen, el cuarto de la serie, continuamos con el prpósito inicial de "promover, entre el público no especializado, el conocimiento de nuestra historia y de nuestra situación nacional". | ||
| 650 | 1 | 4 |
_aMigración interna _y Siglo XIX _zAntioquia _93634 |
| 650 | 2 | 4 |
_aHistoria social _ySiglo XIX _zAntioquia _93635 |
| 650 | 2 | 4 |
_a Crecimiento económico _ySiglo XIX _zAntioquia _93636 |
| 650 | 2 | 4 |
_aCondiciones socioeconómicas _ySiglo XIX _zAntioquia _93637 |
| 942 |
_2ddc _cBK |
||